Sacrosanta CONCILIA ad Regiam Editionem exacta quae olim Quarta Parte prodiit Auctior Studio Philip. Labbei, & Gabr. Cossartii, Soc. JESU Presbyterorum; Nunc vero insertis Stephani Baluzzi, & Joannis Harduini additamentis, plurimis praeterea undecunque conquisitis monumentis, notis insuper ac observationibus, firmiori fundamento Conciliorum epochas praecipue fulcientibus, longè locupletior, & emendatior exhibetur, Curante Nicolao Coleti Ecclesiae S. Moysis Venetiarum Sacerdote Alumno. TOMUS OCTAVUS. ab Anno MCDXXXVIII ad annum MCDXXXIX. VENETIIS, MDCCCXXXII Apud. Sebastianum Coleti et Jo. Baptistam Albrizzi Hieron. Fil. Cum Veneti Senatus Privilegio

Guardat en:
Dades bibliogràfiques
Autors principals: Labbei, S. J., Felipe (Autor), Cossarti, S. J., Gabriel (Autor)
Format: Llibre
Idioma:llatí
grec
Publicat: Venecia Sebastian Coleti y Juan Bautista Albrizzi 1732
Edició:1a. ed
Matèries:
Etiquetes: Afegir etiqueta
Sense etiquetes, Sigues el primer a etiquetar aquest registre!

MARC

LEADER 00000nam a2200000 a 4500
001 UCJ8555
003 CL-VaPUC
008 070124e17320000IT |||||||||||||||||lat|d
041 0 7 |a lat  |2 CL-VaPUC 
041 0 7 |a gre  |2 CL-VaPUC 
082 0 4 |a 262  |b LAB  |2 21 
100 |a Labbei, S. J., Felipe  |e author  |9 517417 
700 0 |a Cossarti, S. J., Gabriel  |e author  |9 517369 
245 1 0 |a Sacrosanta CONCILIA ad Regiam Editionem exacta quae olim Quarta Parte prodiit Auctior Studio Philip. Labbei, & Gabr. Cossartii, Soc. JESU Presbyterorum; Nunc vero insertis Stephani Baluzzi, & Joannis Harduini additamentis, plurimis praeterea undecunque conquisitis monumentis, notis insuper ac observationibus, firmiori fundamento Conciliorum epochas praecipue fulcientibus, longè locupletior, & emendatior exhibetur, Curante Nicolao Coleti Ecclesiae S. Moysis Venetiarum Sacerdote Alumno. TOMUS OCTAVUS. ab Anno MCDXXXVIII ad annum MCDXXXIX. VENETIIS, MDCCCXXXII Apud. Sebastianum Coleti et Jo. Baptistam Albrizzi Hieron. Fil. Cum Veneti Senatus Privilegio 
250 |a 1a. ed 
300 |a 1483 p 
942 |c BK 
945 |d 20070124 00:00:00  |a rinostro 
260 |a Venecia  |b Sebastian Coleti y Juan Bautista Albrizzi  |c 1732 
500 |a Folio, pergamino.- h. prel.- Port.- v. en bl.- Syllabus (Indice). Formato .40x28 m 
500 |a Timbre seco y Ex Libris del Colegio del Salvador, Buenos Aires 
650 0 |a Documentos pontificios   |9 255642 
650 0 |a Concilios  |9 315984 
650 7 |a LIBRO RARO  |2 CL-VaPUC  |9 504169 
650 7 |a EX LIBRIS  |2 CL-VaPUC  |9 505186 
583 |a last modification  |c 20070124 00:00:00  |k Rodrigo Vera 
999 |c 324227  |d 324225 
952 |0 0  |1 0  |4 0  |6 262_000000000000000_LAB_1732  |7 0  |8 X  |9 404197  |a FDOBUD  |b FDOBUD  |d 2019-11-22  |h v.18  |i 1079514  |o 262 LAB 1732  |p 1079514  |r 2019-11-22  |w 2019-11-22  |y BK_X  |k BUD